[Event "Bhubaneswar op 1st"]
[Site "Bhubaneswar"]
[Date "2009.06.13"]
[Round "9"]
[White "Jain, Shreyansh Daklia"]
[Black "Murshed, Niaz"]
[Result "1-0"]
[WhiteElo "2281"]
[BlackElo "2407"]
[PlyCount "121"]
[EventDate "2009.06.07"]
[EventType "swiss"]
[EventRounds "10"]
[EventCountry "IND"]
[SourceTitle "CBM 130 Extra"]
[Source "ChessBase"]
[SourceDate "2009.07.02"]
[SourceVersion "2"]
[SourceVersionDate "2009.07.15"]
[SourceQuality "1"]

1. e4 d6 2. d4 Nf6 3. Bd3 e5 4. c3 Nc6 5. Ne2 g6 6. 0-0 Bg7 7. f4 exd4 8. cxd4 0-0 9. Nbc3 Qe7 10. f5 h6 11. Kh1 g5 12. Be3 Nb4 13. Bb1 Re8 14. Bg1 b6 15. a3 Nc6 16. b4 Bb7 17. Ng3 Nb8 18. Bd3 Nbd7 19. Re1 Qd8 20. Ra2 c6 21. h3 a5 22. Bb1 Ba6 23. Rd2 Qc7 24. Ba2 Re7 25. Bh2 Rae8 26. Qb3 c5 27. Rc1 Qa7 28. dxc5 dxc5 29. b5 Bb7 30. Rcd1 Ba8 31. Nf1 Nxe4 32. Nxe4 Bxe4 33. Bd6 Ne5 34. Bxe7 Qxe7 35. Ng3 Bd3 36. Re1 c4 37. Qd1 Qxa3 38. Nh5 Bh8 39. Bb1 Rc8 40. f6 Qc5 41. Bxd3 Nxd3 42. Rxd3 cxd3 43. Qxd3 Qf2 44. Rf1 Qc2 45. Qf3 a4 46. Ng3 Qc3 47. Qf2 Qc5 48. Qe2 Qc4 49. Qf3 Qc3 50. Qf2 Qc2 51. Qxb6 Qc5 52. Qb7 Qc7 53. Qf3 Qf4 54. Qa3 Qc4 55. b6 Qc6 56. Nf5 Bxf6 57. Nxh6+ Kg7 58. Nf5+ Kg6 59. Qd3 Qc2 60. Qf3 Qb3 61. Nh4+ 1-0

[Event "Gurgon op 1st"]
[Site "Gurgon"]
[Date "2009.01.24"]
[Round "5"]
[White "Jain, Shreyansh Daklia"]
[Black "Kostenko, Petr"]
[Result "0-1"]
[WhiteElo "2250"]
[BlackElo "2501"]
[PlyCount "76"]
[EventDate "2009.01.21"]
[EventType "swiss"]
[EventRounds "10"]
[EventCountry "IND"]
[SourceTitle "CBM 128 Extra"]
[Source "ChessBase"]
[SourceDate "2009.03.05"]
[SourceVersion "2"]
[SourceVersionDate "2009.03.25"]
[SourceQuality "1"]

1. d4 Nf6 2. Nf3 e6 3. Bf4 c5 4. c3 Nc6 5. e3 Be7 6. h3 b6 7. Nbd2 Bb7 8. Bd3 Rc8 9. a3 d6 10. Qe2 0-0 11. 0-0 Re8 12. e4 cxd4 13. cxd4 Nxd4 14. Nxd4 e5 15. Bb5 Rf8 16. Be3 exd4 17. Bxd4 Qc7 18. b4 Rfd8 19. Rfe1 Nd7 20. Nb3 Ne5 21. a4 Nc6 22. Bc3 a6 23. Bd3 Ne5 24. Rec1 Nxd3 25. Qxd3 Qd7 26. Qg3 Bf8 27. Bd4 Re8 28. f3 Rxc1+ 29. Nxc1 d5 30. e5 Qc7 31. Qf2 Qc4 32. Na2 Qb3 33. Rc1 Qxa4 34. Rc7 Ba8 35. Bxb6 Rxe5 36. Qg3 Re8 37. Qf4 f6 38. Bc5 Bxc5+ 0-1

[Event "New Delhi Parsvnath op 7th"]
[Site "New Delhi"]
[Date "2009.01.14"]
[Round "5"]
[White "Jain, Shreyansh Daklia"]
[Black "Karthikeyan, Pandian"]
[Result "0-1"]
[WhiteElo "2250"]
[BlackElo "2450"]
[PlyCount "57"]
[EventDate "2009.01.11"]
[EventType "swiss"]
[EventRounds "10"]
[EventCountry "IND"]
[SourceTitle "CBM 128 Extra"]
[Source "ChessBase"]
[SourceDate "2009.03.05"]
[SourceVersion "2"]
[SourceVersionDate "2009.03.25"]
[SourceQuality "1"]

1. e4 e5 2. Nf3 Nc6 3. Bb5 a6 4. Ba4 d6 5. Bxc6+ bxc6 6. d4 f6 7. Nc3 Ne7 8. Be3 Rb8 9. b3 Ng6 10. h4 d5 11. exd5 Bb4 12. Bd2 0-0 13. 0-0 Bg4 14. Ne4 cxd5 15. Bxb4 dxe4 16. Bxf8 Qxf8 17. dxe5 exf3 18. gxf3 Bh3 19. h5 Bxf1 20. hxg6 Bh3 21. Qd5+ Kh8 22. Re1 Bf5 23. gxh7 Rb5 24. Qc4 Qe8 25. f4 fxe5 26. a4 Qg6+ 27. Kf1 Bh3+ 28. Ke2 Be6 29. Qc6 0-1

[Event "New Delhi Parsvnath op 7th"]
[Site "New Delhi"]
[Date "2009.01.13"]
[Round "4"]
[White "Rathnakaran, Kantholi"]
[Black "Jain, Shreyansh Daklia"]
[Result "0-1"]
[WhiteElo "2431"]
[BlackElo "2250"]
[PlyCount "50"]
[EventDate "2009.01.11"]
[EventType "swiss"]
[EventRounds "10"]
[EventCountry "IND"]
[SourceTitle "CBM 128 Extra"]
[Source "ChessBase"]
[SourceDate "2009.03.05"]
[SourceVersion "2"]
[SourceVersionDate "2009.03.25"]
[SourceQuality "1"]

1. e4 c6 2. d3 d5 3. Nd2 e5 4. Ngf3 Bd6 5. g3 Nf6 6. Bg2 0-0 7. 0-0 Nbd7 8. Nh4 Re8 9. b3 Qc7 10. Bb2 dxe4 11. dxe4 b5 12. a4 a5 13. Nf5 Bf8 14. f4 Ba6 15. g4 g6 16. g5 Nh5 17. fxe5 Nxe5 18. Nh6+ Bxh6 19. gxh6 Rad8 20. Rf5 Qb6+ 21. Kh1 Qe3 22. Rxe5 Rxe5 23. Nc4 Rxd1+ 24. Rxd1 Ng3+ 25. hxg3 Rh5+ 0-1

[Event "New Delhi Parsvnath op 7th"]
[Site "New Delhi"]
[Date "2009.01.12"]
[Round "3"]
[White "Jain, Shreyansh Daklia"]
[Black "Shyam, Sundar M"]
[Result "1/2-1/2"]
[WhiteElo "2250"]
[BlackElo "2426"]
[PlyCount "97"]
[EventDate "2009.01.11"]
[EventType "swiss"]
[EventRounds "10"]
[EventCountry "IND"]
[SourceTitle "CBM 128 Extra"]
[Source "ChessBase"]
[SourceDate "2009.03.05"]
[SourceVersion "2"]
[SourceVersionDate "2009.03.25"]
[SourceQuality "1"]

1. e4 e5 2. Nf3 Nf6 3. d4 Nxe4 4. Bd3 d5 5. Nxe5 Nd7 6. Nxd7 Bxd7 7. 0-0 Bd6 8. Nc3 Nxc3 9. bxc3 0-0 10. Qh5 f5 11. Re1 Qf6 12. Bg5 Qf7 13. Qxf7+ Kxf7 14. Rab1 Rfe8 15. Kf1 Rxe1+ 16. Kxe1 b5 17. Kf1 f4 18. f3 h6 19. Bh4 g5 20. Bf2 a6 21. Re1 h5 22. g3 Bh3+ 23. Kg1 Kf6 24. gxf4 Bxf4 25. Bg3 Bd2 26. Re5 h4 27. Be1 Bf4 28. Re2 Rg8 29. Bd2 Bd6 30. Rf2 c5 31. Bf1 Bf5 32. Be3 c4 33. Rg2 Rg7 34. Bc1 Bf4 35. Bxf4 gxf4 36. Rxg7 Kxg7 37. Kf2 Kf6 38. Ke1 Bxc2 39. Bh3 Ke7 40. Bc8 a5 41. a3 Kd6 42. Bh3 Bg6 43. Bf1 Kc6 44. Kd2 Bf5 45. Be2 Kb6 46. Bd1 Bd3 47. Bc2 b4 48. Bxd3 cxd3 49. a4 1/2-1/2

[Event "Asia-ch U20"]
[Site "Chennai"]
[Date "2008.12.06"]
[Round "1"]
[White "Jain, Shreyansh Daklia"]
[Black "Sengupta, Deep"]
[Result "0-1"]
[WhiteElo "2163"]
[BlackElo "2438"]
[PlyCount "78"]
[EventDate "2008.12.05"]
[EventType "swiss"]
[EventRounds "9"]
[EventCountry "IND"]
[SourceTitle "CBM 127 Extra"]
[Source "ChessBase"]
[SourceDate "2009.01.08"]
[SourceVersion "2"]
[SourceVersionDate "2009.01.28"]
[SourceQuality "1"]

1. d4 e6 2. Nf3 d5 3. Bf4 Bd6 4. Bg3 Nf6 5. Nbd2 Ne4 6. e3 Nxg3 7. hxg3 Nd7 8. Bd3 h6 9. e4 c6 10. Qe2 Qa5 11. c3 Be7 12. e5 Qb6 13. 0-0-0 c5 14. g4 Rf8 15. Qe3 a5 16. Nh2 Nb8 17. f4 Nc6 18. Nhf3 Bd7 19. Bc2 0-0-0 20. Nb3 c4 21. Nbd2 Qc7 22. g5 hxg5 23. fxg5 b5 24. Rh7 Rg8 25. g6 f6 26. Re1 b4 27. exf6 Bxf6 28. Ne5 Nxe5 29. dxe5 Be7 30. Nf3 Bc5 31. Nd4 Rdf8 32. Qh3 Qb6 33. Qh4 a4 34. Rd1 a3 35. b3 bxc3 36. Ne2 Bf2 37. Qe7 cxb3 38. Bxb3 Qe3+ 39. Kb1 Qxe2 0-1

[Event "Commonwealth-ch"]
[Site "Nagpur"]
[Date "2008.10.02"]
[Round "6"]
[White "Ulhas, Vaidya"]
[Black "Jain, Shreyansh Daklia"]
[Result "1-0"]
[WhiteElo "1867"]
[BlackElo "2189"]
[PlyCount "111"]
[EventDate "2008.09.28"]
[EventType "swiss"]
[EventRounds "11"]
[EventCountry "IND"]
[SourceTitle "CBM 126 Extra"]
[Source "ChessBase"]
[SourceDate "2008.11.05"]
[SourceVersion "1"]
[SourceVersionDate "2008.11.05"]
[SourceQuality "1"]

1. e4 e5 2. Nf3 Nc6 3. Bb5 a6 4. Ba4 b5 5. Bb3 Bc5 6. 0-0 Na5 7. Bxf7+ Kxf7 8. Nxe5+ Kf8 9. d4 Be7 10. Qf3+ Nf6 11. b4 Nb7 12. Ng4 Kg8 13. Qb3+ d5 14. Nxf6+ Bxf6 15. e5 Be7 16. Nc3 c6 17. a4 Be6 18. f4 g6 19. axb5 axb5 20. Rxa8 Qxa8 21. Bb2 Kg7 22. Ra1 Qf8 23. Ra7 Nd8 24. g3 Rg8 25. Nd1 Kh8 26. c3 Qf7 27. Ne3 Rf8 28. Qc2 Bh3 29. Bc1 Re8 30. Qf2 Qf6 31. g4 h5 32. Qg3 hxg4 33. Nxg4 Bxg4 34. Qxg4 Qf5 35. Qg3 Qc2 36. Qe3 Bh4 37. Bd2 Qd1+ 38. Kg2 Qg4+ 39. Kh1 Rg8 40. f5 Qd1+ 41. Qg1 Qxg1+ 42. Kxg1 gxf5+ 43. Kf1 Bg5 44. Be1 Bf4 45. Rd7 Bxh2 46. Bh4 Rg1+ 47. Kf2 Ne6 48. Bf6+ Kg8 49. Rd6 Nxd4 50. cxd4 Rc1 51. Rd8+ Kf7 52. Rd7+ Ke8 53. e6 Rc2+ 54. Kf1 Rc1+ 55. Ke2 Ra1 56. Rd8# 1-0

[Event "IND-chB 45th"]
[Site "Dindigul"]
[Date "2007.06.16"]
[Round "8"]
[White "Jain, Shreyansh Daklia"]
[Black "Praveen Kumar, Chandrasekar"]
[Result "1/2-1/2"]
[WhiteElo "2192"]
[BlackElo "2318"]
[PlyCount "91"]
[EventDate "2007.06.11"]
[EventType "swiss"]
[EventRounds "12"]
[EventCountry "IND"]
[SourceTitle "CBM 119 Extra"]
[Source "ChessBase"]
[SourceDate "2007.09.04"]
[SourceVersion "1"]
[SourceVersionDate "2007.09.04"]
[SourceQuality "1"]

1. d4 Nf6 2. Nf3 e6 3. Bf4 c5 4. c3 d5 5. e3 Nc6 6. Nbd2 Bd6 7. Bg3 0-0 8. Bd3 b6 9. Ne5 Bb7 10. 0-0 Ne7 11. f4 Ne4 12. Be1 f6 13. Nef3 Ng6 14. Qc2 f5 15. Ne5 Nxe5 16. fxe5 Be7 17. Nxe4 dxe4 18. Be2 Bg5 19. Bd2 cxd4 20. exd4 f4 21. Bg4 Qd7 22. Qb3 Rae8 23. Rad1 e3 24. Be1 f3 25. Bxf3 Bxf3 26. Rxf3 Rxf3 27. gxf3 Qf7 28. Qb5 Rf8 29. Qe2 Qf5 30. Bg3 h5 31. Rf1 h4 32. Be1 h3 33. c4 Bf4 34. Bc3 Qh5 35. Kh1 Rf5 36. Rg1 Rg5 37. d5 Rxg1+ 38. Kxg1 exd5 39. cxd5 Qg5+ 40. Kf1 Bxe5 41. Bxe5 Qxe5 42. d6 Kf8 43. Qd3 Qxh2 44. Qf5+ Kg8 45. Qd5+ Kh7 46. Qh5+ 1/2-1/2

[Event "IND-chB 45th"]
[Site "Dindigul"]
[Date "2007.06.12"]
[Round "3"]
[White "Ramakrishna, J."]
[Black "Jain, Shreyansh Daklia"]
[Result "1-0"]
[WhiteElo "2297"]
[BlackElo "2192"]
[PlyCount "43"]
[EventDate "2007.06.11"]
[EventType "swiss"]
[EventRounds "12"]
[EventCountry "IND"]
[SourceTitle "CBM 119 Extra"]
[Source "ChessBase"]
[SourceDate "2007.09.04"]
[SourceVersion "1"]
[SourceVersionDate "2007.09.04"]
[SourceQuality "1"]

1. e4 d5 2. exd5 Qxd5 3. Nc3 Qa5 4. d4 Nf6 5. Bc4 c6 6. Qe2 Bf5 7. Nf3 e6 8. 0-0 Bb4 9. Nd1 0-0 10. Ne3 Bg6 11. Ne5 Nbd7 12. f4 Qc7 13. c3 Bd6 14. Bb3 c5 15. Bd2 a6 16. Nxg6 hxg6 17. Nc4 Be7 18. Ne5 Nb6 19. Nxg6 fxg6 20. Qxe6+ Kh8 21. Rf3 Ng8 22. Qxg6 1-0